000 00826nam a22002057a 4500
003 BD-DhUL
005 20230613142637.0
008 230503s2022 bg |||| |||| 000 0 ben
020 _a9789848021246 (hbk)
040 _aBD-DhUL
_cBD-DhUL
082 _a954.92
_bHRI
245 1 0 _aহৃদয়ের টুকরোয় গাঁথা :
_bদেশভাগ ও একাত্তরের স্মৃতি /
_cসম্পাদনায় ঝর্ণা বসু ।
260 _aঢাকা :
_bচারদিক,
_c২০২২ ।
300 _a[৮], ২৮৭ পৃ. ;
_c২২ সেমি.
365 _aBDT
_b600.00
651 4 _aবাংলাদেশ
_xইতিহাস ।
651 4 _aBangladesh
_xHistory.
700 1 _aবসু, ঝর্ণা
_eসম্পা.
942 _2ddc
_cBK
999 _c258296
_d258296